Cézanne /

La obra inicial de Paul Cézanne (1839-1906), caracterizada por tonalidades oscuras, estaba más cerca del barroco que del impresionismo. Sin embargo, el reencuentro en 1870 con su región natal, en el Mediterráneo francés, provocó una transformación en su paleta, que fue llenándose de luz y color, en...

Полное описание

Сохранить в:
Библиографические подробности
Главный автор: Cézanne, Paul (pintor)
Другие авторы: Novotny, Fritz (texto) (texto)
Формат:
Язык:английский
Опубликовано: Londres, Inglaterra : Phaidon, 1947, c1947
Предметы:
Метки: Добавить метку
Нет меток, Требуется 1-ая метка записи!

MARC

LEADER 00000nam^a2200000^a^4500
001 000186715
005 20250521000000.0
009 20260310102236.736
037 |a Acervo ITESO - Biblioteca 
041 |a ING 
082 |a 759. 4  |b CEZ NOV 
100 |a Cézanne, Paul  |e (pintor) 
240 1 1 |a [Cézanne] 
245 1 0 |a Cézanne /  |c P. Cézanne ; texto de F. Novotny. 
264 4 |a Londres, Inglaterra :  |b Phaidon,  |c 1947, c1947 
300 |a 14 p., 113 láminas 
336 |a texto  |b txt  |2 rdacontenido 
337 |a sin mediación  |b n  |2 rdamedio 
338 |a volumen  |b nc  |2 rdasoporte 
520 |a La obra inicial de Paul Cézanne (1839-1906), caracterizada por tonalidades oscuras, estaba más cerca del barroco que del impresionismo. Sin embargo, el reencuentro en 1870 con su región natal, en el Mediterráneo francés, provocó una transformación en su paleta, que fue llenándose de luz y color, en una clara influencia del impresionismo. Señala la crítica que, de hecho, Cézanne superó al impresionismo, pues su interés en no quedarse en la mera impresión del objeto pintado y sí dar cuenta de su esencia, así como su inclinación por las formas geométricas, lo convierten en uno de los padres de la pintura moderna, precursor inegable del cubismo. El presente texto incluye un breve ensayo sobre la evolución creativa de Cézanne, como preámbulo a la reproducción de una muestra representativa de sus pinturas. 
649 |a XX 
650 |a Pintores Franceses 
650 |a Artistas Franceses 
650 |a Autorretrato (Pintura) 
650 |a Retrato (Pintura) 
650 |a Naturaleza Muerta 
650 |a Paisajismo 
650 |a Impresionismo 
650 |a Postimpresionismo 
650 |a Pintura Moderna -  |x Historia y Crítica 
650 |a Pintura Francesa -  |x Historia y Crítica 
650 |a Arte Moderno -  |x Historia y Crítica 
650 |a Arte Francés -  |x Historia y Crítica 
650 |a Cézanne, Paul 
700 |a Novotny, Fritz  |e (texto) 
910 |a Fondo Julio de la Peña Lomelín 
920 |a Impresos - Libros 
930 |a Arquitectos Jaliscienses 
905 |a 115 
901 |a 0500128526  |b IT1  |c JAL  |u 20250521 
902 |a https://opac.biblio.iteso.mx/vufind/Record/000186715